[Event "EU-chT Cities&Town op rapid"]
[Site "Tornelo INT"]
[Date "2023.01.29"]
[Round "1.3"]
[White "Kalogeris, Ioannis"]
[Black "Nastase, Andreea Cristina"]
[Result "1/2-1/2"]
[WhiteElo "2409"]
[BlackElo "2046"]
[PlyCount "82"]
[EventDate "2023.01.29"]
[EventType "team-swiss (rapid)"]
[EventRounds "9"]
[EventCountry "NET"]
[SourceTitle "EXT 2024"]
[Source "ChessBase"]
[SourceDate "2023.10.10"]
[SourceVersion "1"]
[SourceVersionDate "2023.10.10"]
[SourceQuality "1"]
[WhiteTeam "Athens Kallithea"]
[BlackTeam "Snagov"]
[WhiteTeamCountry "GRE"]
[BlackTeamCountry "ROU"]

1. e4 c5 2. Nf3 d6 3. Nc3 Nc6 4. d4 cxd4 5. Nxd4 g6 6. Be3 Bg7 7. Qd2 Nf6 8. f3 a6 9. 0-0-0 Nxd4 10. Bxd4 b5 11. Nd5 0-0 12. Nxf6+ exf6 13. Bc3 f5 14. Bxg7 Kxg7 15. Qd4+ Qf6 16. Qxf6+ Kxf6 17. Rxd6+ Ke5 18. Rd5+ Ke6 19. c4 Bb7 20. exf5+ gxf5 21. Rc5 Rfc8 22. Rxc8 Rxc8 23. b3 bxc4 24. Bxc4+ Bd5 25. Re1+ Kf6 26. Kb2 Bxc4 27. bxc4 Rxc4 28. Kb3 Rh4 29. h3 Rd4 30. Kc3 Ra4 31. Re2 Kg5 32. g3 f4 33. h4+ Kh5 34. Re5+ Kg6 35. Kb3 Rd4 36. Kc3 Ra4 37. Rg5+ Kf6 38. Kb3 Rd4 39. Kc3 Ra4 40. Kb3 Rd4 41. Kc3 Ra4 1/2-1/2